<?xml version="1.0" encoding="UTF-8"?><record xmlns="http://www.loc.gov/MARC21/slim" xmlns:zs="http://docs.oasis-open.org/ns/search-ws/sruResponse">
  <leader>03726cpcaa2200649 i 4500</leader>
  <controlfield tag="001">5811584</controlfield>
  <controlfield tag="005">20260324162127.3</controlfield>
  <controlfield tag="008">960116||||||||||||                 eng  </controlfield>
  <datafield ind1=" " ind2=" " tag="035">
    <subfield code="a">5811584</subfield>
  </datafield>
  <datafield ind1=" " ind2=" " tag="906">
    <subfield code="a">7</subfield>
    <subfield code="b">cbc</subfield>
    <subfield code="c">orignew</subfield>
    <subfield code="d">u</subfield>
    <subfield code="e">ncip</subfield>
    <subfield code="f">19</subfield>
    <subfield code="g">y-manuscri</subfield>
  </datafield>
  <datafield ind1=" " ind2=" " tag="955">
    <subfield code="a">LCAP batch update 2025-06-02-04:00: LCAPM-893</subfield>
  </datafield>
  <datafield ind1=" " ind2=" " tag="010">
    <subfield code="a">mm 96082713 </subfield>
  </datafield>
  <datafield ind1="7" ind2=" " tag="024">
    <subfield code="a">MSS82713</subfield>
    <subfield code="q">: Manuscript Division collection ID</subfield>
    <subfield code="2">lcmd</subfield>
  </datafield>
  <datafield ind1=" " ind2=" " tag="035">
    <subfield code="9">(DLC)mm 96082713</subfield>
  </datafield>
  <datafield ind1=" " ind2=" " tag="040">
    <subfield code="a">DLC</subfield>
    <subfield code="b">eng</subfield>
    <subfield code="e">dacs</subfield>
    <subfield code="c">DLC</subfield>
    <subfield code="d">DLC</subfield>
  </datafield>
  <datafield ind1=" " ind2="7" tag="072">
    <subfield code="a">D</subfield>
    <subfield code="2">lcmd</subfield>
  </datafield>
  <datafield ind1=" " ind2=" " tag="090">
    <subfield code="a">Fort Meade</subfield>
  </datafield>
  <datafield ind1="1" ind2=" " tag="100">
    <subfield code="a">Baroody, William J.,</subfield>
    <subfield code="d">1916-1980.</subfield>
  </datafield>
  <datafield ind1="0" ind2="0" tag="245">
    <subfield code="a">William J. Baroody papers,</subfield>
    <subfield code="f">1943-1983</subfield>
    <subfield code="g">(bulk 1954-1980).</subfield>
  </datafield>
  <datafield ind1=" " ind2=" " tag="300">
    <subfield code="a">35,350</subfield>
    <subfield code="f">items.</subfield>
  </datafield>
  <datafield ind1=" " ind2=" " tag="300">
    <subfield code="a">102</subfield>
    <subfield code="f">containers.</subfield>
  </datafield>
  <datafield ind1=" " ind2=" " tag="300">
    <subfield code="a">43.5</subfield>
    <subfield code="f">linear feet.</subfield>
  </datafield>
  <datafield ind1=" " ind2=" " tag="351">
    <subfield code="a">Arranged in three series.  Series 1: Correspondence, 1954-1980; Series 2: Organizations File, 1943-1983; and Series 3: Miscellany, 1962-1980.</subfield>
  </datafield>
  <datafield ind1="0" ind2=" " tag="506">
    <subfield code="a">Open to research.</subfield>
  </datafield>
  <datafield ind1="8" ind2=" " tag="520">
    <subfield code="a">Correspondence, writings, speeches, reports, minutes of meetings, financial papers, biographical material, family papers, and other papers relating chiefly to Baroody's work as an executive of the American Enterprise Institute for Public Policy Research.  Subjects include national and international issues such as commerce, economics, energy, health insurance, social security, and the influence of the broadcast media.  Also documents Baroody's efforts to facilitate the immigration of family members and friends to the U.S. from the Middle East.  Correspondents include Henry T. Bodman, Gerald R. Ford, Robert A. Hornby, Carl N. Jacobs, Melvin R. Laird, A.D. Marshall, Paul Winston McCracken, William L. McGrath, G. Warren Nutter, Robert J. Pranger, and Murray L. Weidenbaum.</subfield>
  </datafield>
  <datafield ind1=" " ind2=" " tag="524">
    <subfield code="a">Researchers wishing to cite this collection should include the following information: Container number, William J. Baroody Papers, Manuscript Division, Library of Congress, Washington, D.C.</subfield>
  </datafield>
  <datafield ind1=" " ind2=" " tag="541">
    <subfield code="c">Gift,</subfield>
    <subfield code="a">Joseph, Michael, and William J. Baroody, Jr.,</subfield>
    <subfield code="d">1995.</subfield>
  </datafield>
  <datafield ind1="0" ind2=" " tag="545">
    <subfield code="a">Organization executive.</subfield>
  </datafield>
  <datafield ind1=" " ind2=" " tag="546">
    <subfield code="a">Collection material in English.</subfield>
  </datafield>
  <datafield ind1="8" ind2=" " tag="555">
    <subfield code="a">Finding aid available in the Library of Congress Manuscript Reading Room and at</subfield>
    <subfield code="u">http://hdl.loc.gov/loc.mss/eadmss.ms008097</subfield>
  </datafield>
  <datafield ind1="1" ind2="0" tag="600">
    <subfield code="a">Bodman, Henry T.</subfield>
    <subfield code="q">(Henry Taylor),</subfield>
    <subfield code="d">1906-1987</subfield>
    <subfield code="v">Correspondence.</subfield>
  </datafield>
  <datafield ind1="1" ind2="0" tag="600">
    <subfield code="a">Ford, Gerald R.,</subfield>
    <subfield code="d">1913-2006</subfield>
    <subfield code="v">Correspondence.</subfield>
  </datafield>
  <datafield ind1="1" ind2="0" tag="600">
    <subfield code="a">Hornby, Robert A.</subfield>
    <subfield code="q">(Robert Alfred),</subfield>
    <subfield code="d">1900-1984</subfield>
    <subfield code="v">Correspondence.</subfield>
  </datafield>
  <datafield ind1="1" ind2="0" tag="600">
    <subfield code="a">Jacobs, Carl N.</subfield>
    <subfield code="q">(Carl Nicholas),</subfield>
    <subfield code="d">1895-1980</subfield>
    <subfield code="v">Correspondence.</subfield>
  </datafield>
  <datafield ind1="1" ind2="0" tag="600">
    <subfield code="a">Laird, Melvin R.</subfield>
    <subfield code="v">Correspondence.</subfield>
  </datafield>
  <datafield ind1="1" ind2="0" tag="600">
    <subfield code="a">Marshall, A. D.</subfield>
    <subfield code="q">(Allen Donald),</subfield>
    <subfield code="d">1901-</subfield>
    <subfield code="v">Correspondence.</subfield>
  </datafield>
  <datafield ind1="1" ind2="0" tag="600">
    <subfield code="a">McCracken, Paul W.</subfield>
    <subfield code="q">(Paul Winston),</subfield>
    <subfield code="d">1915-2012</subfield>
    <subfield code="v">Correspondence.</subfield>
  </datafield>
  <datafield ind1="1" ind2="0" tag="600">
    <subfield code="a">McGrath, William L.</subfield>
    <subfield code="q">(William Lynn),</subfield>
    <subfield code="d">1894-1975</subfield>
    <subfield code="v">Correspondence.</subfield>
  </datafield>
  <datafield ind1="1" ind2="0" tag="600">
    <subfield code="a">Nutter, G. Warren</subfield>
    <subfield code="v">Correspondence.</subfield>
  </datafield>
  <datafield ind1="1" ind2="0" tag="600">
    <subfield code="a">Pranger, Robert J.</subfield>
    <subfield code="v">Correspondence.</subfield>
  </datafield>
  <datafield ind1="1" ind2="0" tag="600">
    <subfield code="a">Weidenbaum, Murray L.</subfield>
    <subfield code="v">Correspondence.</subfield>
  </datafield>
  <datafield ind1="2" ind2="0" tag="610">
    <subfield code="a">American Enterprise Institute for Public Policy Research.</subfield>
  </datafield>
  <datafield ind1=" " ind2="0" tag="650">
    <subfield code="a">Commerce.</subfield>
  </datafield>
  <datafield ind1=" " ind2="0" tag="650">
    <subfield code="a">Economics.</subfield>
  </datafield>
  <datafield ind1=" " ind2="0" tag="650">
    <subfield code="a">Energy policy.</subfield>
  </datafield>
  <datafield ind1=" " ind2="0" tag="650">
    <subfield code="a">Health insurance.</subfield>
  </datafield>
  <datafield ind1=" " ind2="0" tag="650">
    <subfield code="a">Mass media</subfield>
    <subfield code="x">Influence.</subfield>
  </datafield>
  <datafield ind1=" " ind2="0" tag="650">
    <subfield code="a">Political planning.</subfield>
  </datafield>
  <datafield ind1=" " ind2="0" tag="650">
    <subfield code="a">Social security.</subfield>
  </datafield>
  <datafield ind1=" " ind2="0" tag="651">
    <subfield code="a">Middle East</subfield>
    <subfield code="x">Emigration and immigration.</subfield>
  </datafield>
  <datafield ind1=" " ind2="0" tag="651">
    <subfield code="a">United States</subfield>
    <subfield code="x">Emigration and immigration.</subfield>
  </datafield>
  <datafield ind1=" " ind2="7" tag="656">
    <subfield code="a">Executives.</subfield>
    <subfield code="2">itoamc</subfield>
  </datafield>
  <datafield ind1=" " ind2=" " tag="852">
    <subfield code="a">Library of Congress</subfield>
    <subfield code="b">Manuscript Division</subfield>
    <subfield code="e">Washington, D.C. 20540 USA</subfield>
    <subfield code="n">dcu</subfield>
    <subfield code="u">http://hdl.loc.gov/loc.mss/mss.home</subfield>
  </datafield>
  <datafield ind1="4" ind2="2" tag="856">
    <subfield code="3">Finding aid</subfield>
    <subfield code="u">http://hdl.loc.gov/loc.mss/eadmss.ms008097</subfield>
  </datafield>
  <datafield ind1="4" ind2="2" tag="856">
    <subfield code="3">Finding aid (PDF)</subfield>
    <subfield code="u">http://hdl.loc.gov/loc.mss/eadmss.ms008097.3</subfield>
  </datafield>
  <datafield ind1=" " ind2=" " tag="985">
    <subfield code="e">MSS.</subfield>
  </datafield>
  <datafield ind1=" " ind2=" " tag="985">
    <subfield code="a">mss/ead</subfield>
  </datafield>
</record>
